| 000 | 00705na a2200217 4500 | ||
|---|---|---|---|
| 001 | 15047 | ||
| 003 | MIRAKIL | ||
| 005 | 20181213154848.0 | ||
| 008 | 161028b tu 000 0 | ||
| 035 | _a15047 | ||
| 040 |
_aMilas _btur _cTR-AnCHP |
||
| 041 | _atur | ||
| 082 |
_a923.1 Aliyev,H. _bH29 [t.y.] |
||
| 090 | _a923.1 Aliyev,H. H29 [t.y] | ||
| 245 |
_aHaydar Aliyev büyük devlet adamı _cTürkiye Azerbaycan Dostluk, İşbirliği ve Dayanışma Vakfı |
||
| 260 |
_a[Ankara] _b[Türkiye Azerbaycan Dostluk İşbirliği ve Dayanışma Vakfı] _c[t.y.] |
||
| 300 |
_a178 s. _bfotg. _c32 sm. |
||
| 600 |
_aAliyev, Haydar _d1923-2003 |
||
| 650 |
_aDevlet adamları _zAzerbaycan |
||
| 942 |
_2ddc _cBKS |
||
| 999 |
_c2175 _d2175 |
||